Lyon Goalkeeper By Year - Statistics

General Stats
  • This quiz has been taken 422 times
    12 since last reset
  • The average score is 31 of 61
Answer Stats
Season Goalkeeper % Correct
2023-24 Anthony Lopes
100%
2022-23 Anthony Lopes
100%
2021-22 Anthony Lopes
100%
2020-21 Anthony Lopes
100%
2019-20 Anthony Lopes
100%
2018-19 Anthony Lopes
100%
2017-18 Anthony Lopes
100%
2016-17 Anthony Lopes
100%
2015-16 Anthony Lopes
100%
2014-15 Anthony Lopes
100%
2013-14 Anthony Lopes
100%
2007-08 Grégory Coupet
91%
2006-07 Grégory Coupet
91%
2005-06 Grégory Coupet
91%
2004-05 Grégory Coupet
91%
2003-04 Grégory Coupet
91%
2002-03 Grégory Coupet
91%
2001-02 Grégory Coupet
91%
2000-01 Grégory Coupet
91%
1999-00 Grégory Coupet
91%
1998-99 Grégory Coupet
91%
1997-98 Grégory Coupet
91%
2011-12 Hugo Lloris
91%
2010-11 Hugo Lloris
91%
2009-10 Hugo Lloris
91%
2008-09 Hugo Lloris
91%
2024-25 Lucas Perri
73%
2025-26 Dominik Greif
64%
2012-13 Rémy Vercoutre
64%
2007-08 Rémy Vercoutre
64%
1996-97 Pascal Olmeta
36%
1995-96 Pascal Olmeta
36%
1994-95 Pascal Olmeta
36%
1993-94 Pascal Olmeta
36%
1961-62 Claude Hugues
9%
1989-90 Francois Lemasson
9%
1977-78 Gilles de Rocco
9%
1976-77 Gilles de Rocco
9%
1992-93 Gilles Rousset
9%
1991-92 Gilles Rousset
9%
1990-91 Gilles Rousset
9%
1975-76 Jean-Claude Chemier
9%
1965-66 Marcel Aubour
9%
1964-65 Marcel Aubour
9%
1963-64 Marcel Aubour
9%
1962-63 Marcel Aubour
9%
1966-67 Michel Zewulko
9%
1982-83 Slobodan Topalović
9%
1981-82 Slobodan Topalović
9%
1980-81 Yves Chauveau
9%
1979-80 Yves Chauveau
9%
1978-79 Yves Chauveau
9%
1974-75 Yves Chauveau
9%
1973-74 Yves Chauveau
9%
1972-73 Yves Chauveau
9%
1971-72 Yves Chauveau
9%
1970-71 Yves Chauveau
9%
1969-70 Yves Chauveau
9%
1968-69 Yves Chauveau
9%
1967-68 Yves Chauveau
9%
1966-67 Yves Chauveau
9%
No matching quizzes found
Score Distribution
Percent of People with Each Score
Percentile by Number Answered
Your Score History
You have not taken this quiz since the last reset